ずとまよの曲名 クイズ - Statistics

General Stats
  • This quiz has been taken 355 times
    28 since last reset
  • The average score is 65 of 87
Answer Stats
アルバム名 曲名 % Correct
正しい偽りからの起床 秒針を噛む
94%
秒針を噛む
94%
あいつら全員同窓会
94%
あいつら全員同窓会
94%
今は今で誓いは笑みで 勘冴えて悔しいわ
88%
勘冴えて悔しいわ
88%
お勉強しといてよ
88%
正しくなれない
88%
お勉強しといてよ
88%
残機
88%
正義
82%
正義
82%
暗く黒く
82%
消えてしまいそうです
82%
ミラーチューン
82%
海馬成長痛
82%
Ham
82%
TAIDADA
82%
TAIDADA
82%
ヒューマノイド
76%
サターン
76%
脳裏上のクラッカー
76%
君がいて水になる
76%
またね幻
76%
彷徨い酔い温度
76%
潜潜話 脳裏上のクラッカー
76%
ヒューマノイド
76%
ぐされ 胸の煙
76%
勘ぐれい
76%
伸び仕草懲りて暇乞い 違う曲にしようよ
76%
猫リセット
76%
沈香学 花一匁
76%
猫リセット
76%
夏枯れ
76%
虚仮の一念海馬に託す 虚仮にしてくれ
76%
クズリ念
76%
海馬成長痛
76%
嘘じゃない
76%
間人間
76%
メディアノーチェ
76%
蟹しゃぶふぁんく
76%
またね幻
76%
シェードの埃は延長
76%
アンチモン
76%
クズリ念
76%
嘘じゃない
76%
Dear. Mr 「F」
76%
JK BOMBER
76%
ultra魂
76%
雲丹と栗
71%
居眠り遠征隊
71%
蹴っ飛ばした毛布
71%
機械油
71%
繰り返す収穫
71%
低血ボルト
71%
袖のキルト
71%
ばかじゃないのに
71%
袖のキルト
71%
不法侵入
71%
ばかじゃないのに
71%
珪藻土 地球存在しない説
71%
微熱魔
71%
71%
不死身の訓練
71%
よもすがら
71%
Blues in the Closet
71%
眩しいDNAだけ
71%
眩しいDNAだけ
71%
MILABO
71%
MILABO
71%
ハゼ馳せる果てるまで
65%
こんなこと騒動
65%
グラスとラムレーズン
65%
朗らかな皮膚とて不服 低血ボルト
65%
マリンブルーの庭園
65%
はゔぁ
65%
ろんりねす
65%
奥底に眠るルーツ
65%
馴れ合いサーブ
65%
上辺の私自身なんだよ
65%
クリームで会いにいけますか
65%
綺羅キラー(feat. Mori Calliope)
65%
優しくLAST SMILE
65%
マイノリティ脈絡
59%
過眠
59%
lowmotion algae
59%
夜中のキスミ
47%
No matching quizzes found
Score Distribution
Percent of People with Each Score
Percentile by Number Answered
Your Score History
You have not taken this quiz since the last reset